African East Coast - 15 Second Sprint - Statistics

General Stats
  • This quiz has been taken 816 times
  • The average score is 6 of 9
Answers on the Map
Answers color-coded by a green-red scale on the quiz's map according to % correct below.
 
Answer Stats
country % Correct
Egypt
100%
Sudan
96%
Eritrea
89%
Djibouti
84%
Somalia
77%
Kenya
68%
Tanzania
57%
Mozambique
40%
South Africa
28%
No matching quizzes found
Score Distribution
Percent of People with Each Score
Percentile by Number Answered
Your Score History
You have not taken this quiz